[Event "1st league of Central Serbia"]
[Site "Vrnjacka Banja"]
[Date "2006.10.27"]
[Round "9.6"]
[White "Jovanovic, D  Dusan"]
[Black "Stankovic, Bozidar"]
[Result "1-0"]
[WhiteElo "2240"]
[BlackElo "2207"]
[PlyCount "95"]
[EventDate "2006.09.09"]

1. Nf3 f5 2. g3 Nf6 3. d4 g6 4. Bg2 Bg7 5. O-O d6 6. b4 O-O 7. Bb2 Qe8 8. c4 e5
9. dxe5 Ng4 10. Nbd2 Nc6 11. b5 Ncxe5 12. Qb3 Kh8 13. h3 Nh6 14. e3 Nhf7 15.
Nd4 Rb8 16. Rae1 Nd8 17. f4 Nd7 18. e4 Nc5 19. Qc2 Qf7 20. e5 Nde6 21. Bd5 dxe5
22. fxe5 Nxd4 23. Bxd4 Qe7 24. Nf3 Ne6 25. Bxa7 Ra8 26. Bf2 c6 27. bxc6 bxc6
28. Bxc6 Bb7 29. Bd5 Ra5 30. Qd2 Rfa8 31. Re2 Ra3 32. Rb1 Bxd5 33. Qxd5 Rd8 34.
Qc6 Rxf3 35. Qxf3 Ng5 36. Qg2 Qa3 37. Rb3 Qc1+ 38. Re1 Qxc4 39. e6 Nxe6 40.
Rbe3 Nc7 41. Re7 Bf6 42. R7e2 Bc3 43. Rc2 Qd3 44. Rec1 Nd5 45. Qf1 Qe4 46. Rxc3
Nxc3 47. Rxc3 f4 48. Qa1 1-0

[Event "1st league of Central Serbia"]
[Site "Vrnjacka Banja"]
[Date "2006.10.27"]
[Round "9.6"]
[White "Skakic, Zeljko"]
[Black "Rihterovic, Milan"]
[Result "0-1"]
[WhiteElo "2198"]
[BlackElo "2224"]
[PlyCount "76"]
[EventDate "2006.09.09"]

1. d4 Nf6 2. c4 g6 3. Nc3 Bg7 4. e4 O-O 5. f3 c5 6. d5 d6 7. Bg5 h6 8. Be3 e6
9. Qd2 exd5 10. cxd5 Kh7 11. Nge2 Nbd7 12. Ng3 Ne5 13. Be2 Re8 14. O-O a6 15.
a4 Rb8 16. h3 Re7 17. f4 Ned7 18. e5 dxe5 19. f5 g5 20. d6 Re8 21. Bc4 Kg8 22.
Nd5 b5 23. Ne7+ Rxe7 24. dxe7 Qxe7 25. axb5 axb5 26. Be2 Bb7 27. Ra7 c4 28. Rd1
Bf8 29. Nh5 Qb4 30. Qxb4 Bxb4 31. Kh2 Kf8 32. b3 cxb3 33. Bxb5 b2 34. Nxf6 Nxf6
35. Ra2 Bc3 36. Ba7 Rc8 37. Bd3 Rd8 38. Bc5+ Kg7 0-1